Stochastický evironmentálny model zásob
Príspevok sa zaoberá environmentálnym modelom zásob s možnosťou jednorazovej objednávky. Model zahŕňa mechanizmus zdaňovania vplyvu na životné prostredie s cieľom minimalizovať celkové očakávané náklady. Model zohľadňuje náhodný dopyt zákazníkov modelovaný pomocou diskrétneho rozdelenia.
Gespeichert in:
| 1. Verfasser: | |
|---|---|
| Format: | Buchkapitel |
| Sprache: | Slowakisch |
| Schlagworte: | |
| Tags: |
Keine Tags, Fügen Sie das erste Tag hinzu!
|
MARC
| LEADER | 00000nla a2200000 4500 | ||
|---|---|---|---|
| 001 | 0212532 | ||
| 005 | 20240502083532.2 | ||
| 041 | 0 | |a slo | |
| 044 | |a CZ | ||
| 245 | 1 | 0 | |a Stochastický evironmentálny model zásob |c Marian Reiff |
| 520 | |a Príspevok sa zaoberá environmentálnym modelom zásob s možnosťou jednorazovej objednávky. Model zahŕňa mechanizmus zdaňovania vplyvu na životné prostredie s cieľom minimalizovať celkové očakávané náklady. Model zohľadňuje náhodný dopyt zákazníkov modelovaný pomocou diskrétneho rozdelenia. | ||
| 610 | 2 | 0 | |a modelovanie ekonometrické |
| 610 | 2 | 0 | |a modely stochastické |
| 610 | 2 | 0 | |a modely simulačné |
| 610 | 2 | 0 | |a zásoby |
| 610 | 2 | 0 | |a náklady |
| 610 | 2 | 0 | |a zisk |
| 610 | 2 | 0 | |a dopyt |
| 610 | 2 | 0 | |a simulácia |
| 100 | 1 | |a Reiff, Marian, 1978- | |